|
|
|
|
| LEADER |
00000cam a2200000 7i4500 |
| 001 |
0000054289 |
| 005 |
20020424.0 |
| 020 |
|
|
|a 9830782107
|
| 090 |
0 |
0 |
|a JF
|b YUL
|
| 100 |
0 |
|
|a Yulis Hj. Alwi
|
| 245 |
1 |
0 |
|a Puteri Ratna Dewi Suwido
|c Yulis Hj. Alwi
|
| 260 |
|
|
|a Petaling Jaya :
|b Pustaka Murni ,
|c 2002
|
| 300 |
|
|
|a 28p. :
|b ill. ;
|c 25cm.
|
| 490 |
0 |
|
|a Siri Cerita Rakyat Sedunia
|
| 650 |
0 |
0 |
|a Children's stories
|
| 999 |
|
|
|a 00129421
|b BUKU
|c PINJAMAN
|e PERPUSTAKAAN KOMUNITI PETALING JAYA
|
| 999 |
|
|
|a 00129422
|b BUKU
|c PINJAMAN
|e PERPUSTAKAAN KOMUNITI PETALING JAYA
|
| 999 |
|
|
|a 00129423
|b BUKU
|c PINJAMAN
|e PERPUSTAKAAN KOMUNITI PETALING JAYA
|
| 999 |
|
|
|a 00129424
|b BUKU
|c PINJAMAN
|e PERPUSTAKAAN KOMUNITI PETALING JAYA
|
| 999 |
|
|
|a 00129425
|b BUKU
|c PINJAMAN
|e PERPUSTAKAAN KOMUNITI CAW KOTA DAMANSARA
|
| 999 |
|
|
|a 00129426
|b BUKU
|c PINJAMAN
|e PERPUSTAKAAN KOMUNITI CAW KOTA DAMANSARA
|